From party to movement?: the german radical right in transition /

Na minha lista:
Detalhes bibliográficos
Autor principal: Minkenberg, Michael
Formato: Texto
Assuntos:
Tags: Adicionar Tag
Sem tags, seja o primeiro a adicionar uma tag!

MARC

LEADER 00000 a a2200000 04500
001 18921
003
040
100 |a Minkenberg, Michael  
245 |a From party to movement?:   |b the german radical right in transition /  |c Michael Minkenberg 
650 |a EXTREMISMO  
650 |a DERECHA  
650 |a JUVENTUD  
650 |a PARTIDOS POLITICOS  
650 |a ALEMANIA  
650 |a EUROPA  
650 |a DERECHA  
650 |a EXTREMISMO  
650 |a ACTITUDES  
773 |g número 20; páginas 51-70  
999 |c 29507  |d 29507